000 00576cam a2200217 i 4500
001 4561613
005 20180201051245.0
008 751016s1974 mau b 001 0 eng
010 _a 73084742
040 _aDLC
_cDLC
_dDLC
041 _aeng
043 _an-us---
080 _a301.441 HUB
082 0 0 _a301.441 HUB
100 _a50
101 _aSOC
245 0 4 _aThe Sociology of American poverty /
_cedited by Joan Huber and H. Paul Chalfant.
504 _aBibliography: p. [345]-394.
906 _a7
_bcbc
_corignew
_d2
_eopcn
_f19
_gy-gencatlg
942 _2ddc
_cBK
999 _c41505
_d41505